Sensory warfare in the global Cold War : partition, propaganda, covert operations /

Bibliographic Details
Other Authors: Mrozek, Bodo, 1968- (Editor)
Format: eBook
Language:English
Published: University Park, Pennsylvania : The Pennsylvania State University Press, [2024]
Series:Perspectives on sensory history.
Subjects:
Online Access:Connect to the full text of this electronic book

MARC

Tag First Indicator Second Indicator Subfields
LEADER 00000nam a22000001i 4500
001 in00005469310
006 m |o d |
007 cr |n|||||||||
008 240815t20242024pau ob 001 0 eng d
005 20240903133151.9
020 |a 9780271098616 (electronic bk.) 
020 |a 0271098619 (electronic bk.) 
020 |z 9780271097404 
020 |z 027109740X 
035 |a (NhCcYBP)jstor22573/CATS17645337 
040 |a NhCcYBP  |c NhCcYBP 
050 4 |a D842  |b .S448 2024 
082 0 4 |a 909.82/5  |2 23/eng/20240520 
245 0 0 |a Sensory warfare in the global Cold War :  |b partition, propaganda, covert operations /  |c edited by Bodo Mrozek. 
264 1 |a University Park, Pennsylvania :  |b The Pennsylvania State University Press,  |c [2024] 
264 4 |c ©2024. 
300 |a 1 online resource. 
336 |a text  |b txt  |2 rdacontent 
337 |a computer  |b c  |2 rdamedia 
338 |a online resource  |b cr  |2 rdacarrier 
490 1 |a Perspectives on sensory history 
500 |a Description based on print version record. 
504 |a Includes bibliographical references and index. 
505 0 |a Introduction : sensory warfare in the global Cold War / Bodo Mrozek -- Chocolate paratroopers and Eisenhower packages for Eastern Europe : nourishing partition through color and taste / Victoria Phillips -- Between soir de Paris and red Moscow : olfactory front lines in Polish perfumery / Stephanie Weissman -- Beyond the bamboo curtain : sensing the Chinese cultural revolution / Cyril Cordoba -- Sensual sirens : gendering Berlin's Cold War telephony / Mark Fenemore -- Breaking the aquatic sound barrier : hearing yourself and your enemy across the Taiwan Strait / Dayton Lekner -- Listening to the voices of exile : Radio Free Europe in Romania / Andreea Deciu Ritivoi -- Hearing Korea, seeing Cuba : NO-DO as sonic and visual propaganda in Francoist Spain / José Manuel López Torán -- The smell of the Berlin Wall : olfactory border management at the inner-European frontier / Bodo Mrozek -- Hallucinated sensations : brainwashing and mind control in psychochemical CIA experiments / Walter E. Grunden -- To inform and deceive : sensory approaches in the military propaganda of Cold War Germany / Carsten Richter -- Sniffing the enemy : chemical detection during the Vietnam War / Christy Spackman -- Heroes at the Hindu Kush : seeing the Afghan War through the Soviet lens / Markus Mirschel. 
588 |a Description based on print version record. 
650 0 |a Cold War  |x Social aspects. 
650 0 |a Cold War  |x Psychological aspects. 
650 0 |a Senses and sensation  |x History  |y 20th century. 
655 7 |a Electronic books.  |2 local 
700 1 |a Mrozek, Bodo,  |d 1968-  |e editor. 
776 1 8 |c Original  |z 9780271097404  |z 027109740X  |w (DLC) 2024022707 
830 0 |a Perspectives on sensory history. 
856 4 0 |u http://proxy.library.tamu.edu/login?url=https://www.jstor.org/stable/10.5325/jj.17681832  |z Connect to the full text of this electronic book  |t 0 
955 |a JSTOR DDA record 
999 f f |s d8a215bd-ed83-4f8f-8d78-b221214b0290  |i 685652cc-956d-4e9a-8bdd-93e4a604fd29  |t 0 
952 f f |a Texas A&M University  |b College Station  |c Electronic Resources  |d Available Online  |t 0  |e D842 .S448 2024  |h Library of Congress classification 
998 f f |a D842 .S448 2024  |t 0  |l Available Online